مكتبة جامعة عجلون الوطنية

فهرس بحث المكتبة

Normal view MARC view
  • وقفية طيبة لاحياء التراث الاسلامي

Entry Personal Name

Number of records used in: 1

001 - CONTROL NUMBER

  • control field: 58339

003 - CONTROL NUMBER IDENTIFIER

  • control field: JO-AjAnu

005 - DATE AND TIME OF LATEST TRANSACTION

  • control field: 20230606083540.0

008 - FIXED-LENGTH DATA ELEMENTS

  • fixed length control field: 230606|| aca||aabn | a|a d

040 ## - CATALOGING SOURCE

  • Original cataloging agency: JO-AjAnu
  • Transcribing agency: JO-AjAnu

100 ## - HEADING--PERSONAL NAME

  • Personal name: وقفية طيبة لاحياء التراث الاسلامي

670 ## - SOURCE DATA FOUND

  • Source citation: Work cat.: (JO-AjAnu)29761: وقفية طيبة لاحياء التراث الاسلامي, author, مصحف الملك الحسين = MUS,HAF OF KING HUSSEIN